Globálne zmeny v inžinierskom vzdelávaní

Poznatky z medzinárodného kolokvia, ktoré sa konalo v Berlíne 1.- 5. októbra 2002. Kolokvium Global Changes in Engineering Education organizovala Americká spoločnosť pre inžinierske vzdelávanie. Hlavné poznatky z diskutovaných okruhov. Technológie vo vyučovacích systémoch. Vízia vysokoškolského vzde...

Ausführliche Beschreibung

Gespeichert in:
Bibliographische Detailangaben
1. Verfasser: Jasenek, Jozef
Format: Buchkapitel
Sprache:Slowakisch
Schlagworte:
Tags: Tag hinzufügen
Keine Tags, Fügen Sie das erste Tag hinzu!

MARC

LEADER 00000naa a2200000 4500
001 r048374
005 20230927095408.5
041 0 |a slo 
044 |a SK 
245 1 0 |a Globálne zmeny v inžinierskom vzdelávaní  |c Jozef Jasenek 
520 |a Poznatky z medzinárodného kolokvia, ktoré sa konalo v Berlíne 1.- 5. októbra 2002. Kolokvium Global Changes in Engineering Education organizovala Americká spoločnosť pre inžinierske vzdelávanie. Hlavné poznatky z diskutovaných okruhov. Technológie vo vyučovacích systémoch. Vízia vysokoškolského vzdelávania približne do roku 2020. 
610 2 0 |a vzdelávanie 
610 2 0 |a školy vysoké 
610 2 0 |a štúdium inžinierske 
610 2 0 |a konferencie 
610 2 0 |a Berlín 
610 2 0 |a október 
610 2 0 |a 2002 
610 2 0 |a vzdelanie vysokoškolské 
610 2 0 |a vízie 
100 1 |a Jasenek, Jozef